La dirección de la pequeña empresa /
Guardado en:
| Autor Principal: | |
|---|---|
| Otros Autores: | |
| Formato: | Libro |
| Publicado: |
Buenos Aires :
El Ateneo,
1969
|
| Materias: | |
| Etiquetas: |
Agregar Etiqueta
Sin Etiquetas, Sea el primero en etiquetar este registro!
|
| LEADER | 00733nam a22001815a 4500 | ||
|---|---|---|---|
| 001 | CEM.cems000876 | ||
| 005 | 20060213000000.0 | ||
| 008 | 130507s1969##################000#0#####d | ||
| 003 | CEMS | ||
| 082 | 0 | 4 | |a 658 |
| 100 | 1 | |a Basil, Douglas C | |
| 245 | 1 | 0 | |a La dirección de la pequeña empresa / |
| 260 | |a Buenos Aires : |b El Ateneo, |c 1969 | ||
| 300 | |a 144 p. | ||
| 505 | 0 | |a Comercio: interior y exterior.-Transportes.-Ferias y mercados.-Bolsa. -Asociaciones de expansión comercial.-Elevadores de granos.-La empresa: organización racional; organización interna; personal; publicidad y propaganda; etica. | |
| 653 | |a Administracion de empresas | ||
| 700 | 1 | |a Frischknecht, Federico | |
| 859 | |a CEMS |b BIB. CEMS - 11 de abril |h 658 |i B29 |p 5913.77 |t Ej.1 | ||
